Science for peace and progress : (Record no. 351710)

000 -LEADER
fixed length control field 01130cam a2200349 a 4500
001 - CONTROL NUMBER
control field 15477038
003 - CONTROL NUMBER IDENTIFIER
control field OSt
005 - DATE AND TIME OF LATEST TRANSACTION
control field 20180116183053.0
008 - FIXED-LENGTH DATA ELEMENTS--GENERAL INFORMATION
fixed length control field 081006s2008 pk a b 001 0 eng
010 ## - LIBRARY OF CONGRESS CONTROL NUMBER
LC control number 2008344447
020 ## - INTERNATIONAL STANDARD BOOK NUMBER
International Standard Book Number 9780975586051
025 ## - OVERSEAS ACQUISITION NUMBER
Overseas acquisition number P-E-2008344447; 20
040 ## - CATALOGING SOURCE
Original cataloging agency DLC
Transcribing agency DLC
042 ## - AUTHENTICATION CODE
Authentication code lcode
-- pcc
043 ## - GEOGRAPHIC AREA CODE
Geographic area code a-pk---
050 00 - LIBRARY OF CONGRESS CALL NUMBER
Classification number QC16.S26
Item number S255 2008
082 ## - DEWEY DECIMAL CLASSIFICATION NUMBER
Classification number 509 DIL 2008
100 ## - MAIN ENTRY--PERSONAL NAME
Personal name Dil,Anwar
245 00 - TITLE STATEMENT
Title Science for peace and progress :
Remainder of title life and work of Abdus Salam /
Statement of responsibility, etc. compiled, edited, introduced by Anwar Dil.
250 ## - EDITION STATEMENT
Edition statement 1st ed.
260 ## - PUBLICATION, DISTRIBUTION, ETC.
Place of publication, distribution, etc. San Diego Ca : Islamabad
Name of publisher, distributor, etc. Intercultural Forum Takshila Research University,
Date of publication, distribution, etc. 2008.
300 ## - PHYSICAL DESCRIPTION
Extent 668 p. :
Other physical details ill. ; HB.
Dimensions 25 cm.
440 ## - SERIES STATEMENT/ADDED ENTRY--TITLE
Title Science for peace and progress :
504 ## - BIBLIOGRAPHY, ETC. NOTE
Bibliography, etc. note Includes bibliographical references and index.
600 10 - SUBJECT ADDED ENTRY--PERSONAL NAME
Personal name Abdus, Salam,
Dates associated with a name 1926-1996.
650 #0 - SUBJECT ADDED ENTRY--TOPICAL TERM
Topical term or geographic name entry element Physicists
Geographic subdivision Pakistan
Form subdivision Biography.
700 1# - ADDED ENTRY--PERSONAL NAME
Personal name Dil, Anwar S.
710 2# - ADDED ENTRY--CORPORATE NAME
Corporate name or jurisdiction name as entry element Takshila Research University.
906 ## - LOCAL DATA ELEMENT F, LDF (RLIN)
a 7
b cbc
c origode
d 3
e ncip
f 20
g y-gencatlg
942 ## - ADDED ENTRY ELEMENTS (KOHA)
Source of classification or shelving scheme
Koha item type Book
Holdings
Withdrawn status Lost status Source of classification or shelving scheme Damaged status Not for loan Collection code Permanent Location Current Location Shelving location Date acquired Total Checkouts Full call number Barcode Date last seen Date last checked out Price effective from Koha item type
            Central Library (CL) Central Library (CL) General Stacks 09/01/2016 1 509 DIL 2008 NBSD-2722 11/22/2017 08/25/2017 09/01/2016 Book
© 2023 Central Library, National University of Sciences and Technology. All Rights Reserved.